000 00894nam a2200217Ii 4500
003 JO-AjNU
008 230605s9999||||xx |||||||||||||| ||und||
017 _a2007/7/2155
040 _aJO-AjNU
_bara
_erda
_cJO-AjNU
041 _aara
050 1 4 _aBP1.K57 2007
100 3 _aجمع واعداد العنابي، زهر، م. مشارك طارق هياجنة,
_eauthor
_950139
245 0 0 _aالكتاب الأكاديمي، ج10
250 _aط1
264 3 1 _aعمان: دار ابن بطوطة للنشر والتوزيع، 2007
300 _aج10، 334ص
336 _atext
_btxt
_2rdacontent
337 _aunmediated
_bn
_2rdamedia
338 _avolume
_bnc
_2rdacarrier
650 4 _aالمناهج - المقررات الدراسية - سيكولوجية المجتمع - الثقافة العربية - الحضارة العربية - البلاد العربية -تاريخ
_950140
999 _aA22068
_c25636
_d25636